000 004570000a22001930004500
003 LK-CoMWRAF
005 20230901143228.0
008 230817t2000 ||||| |||| 00| 0 eng d
020 _a9559572628
040 _aLK-CoMWRAF
_dLK-CoMWRAF
_eLK-CoMWRAF
041 _aeng
082 _a821
_bRAN
100 _aRanaweera, Eva
245 _aBlissfully
260 _aColombo :
_bEva Ranaweera,
_c2000
300 _a80p
650 _a English poetry
942 _cBK
999 _c198
_d198